<?xml version="1.0" encoding="UTF-8"?>
<record
    xmlns:xsi="http://www.w3.org/2001/XMLSchema-instance"
    xsi:schemaLocation="http://www.loc.gov/MARC21/slim http://www.loc.gov/standards/marcxml/schema/MARC21slim.xsd"
    xmlns="http://www.loc.gov/MARC21/slim">

  <leader>00399nom a22001337a 4500</leader>
  <controlfield tag="005">20220609154451.0</controlfield>
  <controlfield tag="008">190712b        xxu||||| |||| 00| 0 spa d</controlfield>
  <datafield tag="041" ind1=" " ind2=" ">
    <subfield code="a">spa</subfield>
  </datafield>
  <datafield tag="245" ind1=" " ind2=" ">
    <subfield code="a">Kit #5 Heridas varias</subfield>
  </datafield>
  <datafield tag="500" ind1=" " ind2=" ">
    <subfield code="a">Contiene 12 heridas varias.

Se prestan para el mismo d&#xED;a, hasta las 7:50 pm</subfield>
  </datafield>
  <datafield tag="650" ind1=" " ind2=" ">
    <subfield code="a">MODELOS ANAT&#xD3;MICOS</subfield>
    <subfield code="9">63593</subfield>
  </datafield>
  <datafield tag="650" ind1=" " ind2=" ">
    <subfield code="a">SIMULACI&#xD3;N DE HERIDAS</subfield>
    <subfield code="9">63594</subfield>
  </datafield>
  <datafield tag="942" ind1=" " ind2=" ">
    <subfield code="c">MA</subfield>
  </datafield>
  <datafield tag="999" ind1=" " ind2=" ">
    <subfield code="c">12125</subfield>
    <subfield code="d">12125</subfield>
  </datafield>
  <datafield tag="952" ind1=" " ind2=" ">
    <subfield code="0">0</subfield>
    <subfield code="1">0</subfield>
    <subfield code="4">0</subfield>
    <subfield code="7">0</subfield>
    <subfield code="g">848595.00</subfield>
    <subfield code="l">0</subfield>
    <subfield code="o">Kit #5</subfield>
    <subfield code="p">Kit#5</subfield>
    <subfield code="r">2019-07-12 00:00:00</subfield>
    <subfield code="w">2019-07-12</subfield>
    <subfield code="y">MA</subfield>
  </datafield>
  <datafield tag="952" ind1=" " ind2=" ">
    <subfield code="0">0</subfield>
    <subfield code="1">0</subfield>
    <subfield code="4">0</subfield>
    <subfield code="7">0</subfield>
    <subfield code="l">3</subfield>
    <subfield code="o">Herida de mand&#xED;bula</subfield>
    <subfield code="p">HV01</subfield>
    <subfield code="r">2024-07-12 11:32:16</subfield>
    <subfield code="s">2024-07-12</subfield>
    <subfield code="y">MA</subfield>
  </datafield>
  <datafield tag="952" ind1=" " ind2=" ">
    <subfield code="0">0</subfield>
    <subfield code="1">0</subfield>
    <subfield code="4">0</subfield>
    <subfield code="7">0</subfield>
    <subfield code="l">4</subfield>
    <subfield code="o">Herida de frente</subfield>
    <subfield code="p">HV02</subfield>
    <subfield code="r">2024-07-12 11:42:04</subfield>
    <subfield code="s">2024-07-12</subfield>
    <subfield code="w">2019-07-12</subfield>
    <subfield code="y">MA</subfield>
  </datafield>
  <datafield tag="952" ind1=" " ind2=" ">
    <subfield code="0">0</subfield>
    <subfield code="1">0</subfield>
    <subfield code="4">0</subfield>
    <subfield code="7">0</subfield>
    <subfield code="l">1</subfield>
    <subfield code="o">Clav&#xED;cula fracturada</subfield>
    <subfield code="p">HV03</subfield>
    <subfield code="r">2019-11-01 00:00:00</subfield>
    <subfield code="s">2019-11-01</subfield>
    <subfield code="w">2019-07-12</subfield>
    <subfield code="y">MA</subfield>
  </datafield>
  <datafield tag="952" ind1=" " ind2=" ">
    <subfield code="0">0</subfield>
    <subfield code="1">0</subfield>
    <subfield code="4">0</subfield>
    <subfield code="7">0</subfield>
    <subfield code="l">2</subfield>
    <subfield code="o">Pecho con perforaci&#xF3;n</subfield>
    <subfield code="p">HV04</subfield>
    <subfield code="r">2022-06-10 00:00:00</subfield>
    <subfield code="s">2022-06-10</subfield>
    <subfield code="w">2019-07-12</subfield>
    <subfield code="y">MA</subfield>
  </datafield>
  <datafield tag="952" ind1=" " ind2=" ">
    <subfield code="0">0</subfield>
    <subfield code="1">0</subfield>
    <subfield code="4">0</subfield>
    <subfield code="7">0</subfield>
    <subfield code="l">3</subfield>
    <subfield code="o">Intestinos expuestos</subfield>
    <subfield code="p">HV05</subfield>
    <subfield code="r">2024-07-19 10:19:13</subfield>
    <subfield code="s">2024-07-19</subfield>
    <subfield code="w">2019-07-12</subfield>
    <subfield code="y">MA</subfield>
  </datafield>
  <datafield tag="952" ind1=" " ind2=" ">
    <subfield code="0">0</subfield>
    <subfield code="1">0</subfield>
    <subfield code="4">0</subfield>
    <subfield code="7">0</subfield>
    <subfield code="l">7</subfield>
    <subfield code="o">Antebrazo lacerado</subfield>
    <subfield code="p">HV06</subfield>
    <subfield code="r">2024-07-12 11:42:02</subfield>
    <subfield code="s">2024-07-12</subfield>
    <subfield code="w">2019-07-12</subfield>
    <subfield code="y">MA</subfield>
  </datafield>
  <datafield tag="952" ind1=" " ind2=" ">
    <subfield code="0">0</subfield>
    <subfield code="1">0</subfield>
    <subfield code="4">0</subfield>
    <subfield code="7">0</subfield>
    <subfield code="l">6</subfield>
    <subfield code="o">Perforaci&#xF3;n de pierna</subfield>
    <subfield code="p">HV07</subfield>
    <subfield code="r">2025-03-24 17:19:36</subfield>
    <subfield code="s">2025-03-24</subfield>
    <subfield code="w">2019-07-12</subfield>
    <subfield code="y">MA</subfield>
  </datafield>
  <datafield tag="952" ind1=" " ind2=" ">
    <subfield code="0">0</subfield>
    <subfield code="1">0</subfield>
    <subfield code="4">0</subfield>
    <subfield code="7">0</subfield>
    <subfield code="l">2</subfield>
    <subfield code="o">Femur expuesto</subfield>
    <subfield code="p">HV08</subfield>
    <subfield code="r">2024-07-19 10:17:39</subfield>
    <subfield code="s">2024-07-19</subfield>
    <subfield code="w">2019-07-12</subfield>
    <subfield code="y">MA</subfield>
  </datafield>
  <datafield tag="952" ind1=" " ind2=" ">
    <subfield code="0">0</subfield>
    <subfield code="1">0</subfield>
    <subfield code="4">0</subfield>
    <subfield code="7">0</subfield>
    <subfield code="l">3</subfield>
    <subfield code="o">Hueso h&#xFA;mero</subfield>
    <subfield code="p">HV09</subfield>
    <subfield code="r">2024-07-19 10:16:05</subfield>
    <subfield code="s">2024-07-19</subfield>
    <subfield code="w">2019-07-12</subfield>
    <subfield code="y">MA</subfield>
  </datafield>
  <datafield tag="952" ind1=" " ind2=" ">
    <subfield code="0">0</subfield>
    <subfield code="1">0</subfield>
    <subfield code="4">0</subfield>
    <subfield code="7">0</subfield>
    <subfield code="l">1</subfield>
    <subfield code="o">Tibia expuesta</subfield>
    <subfield code="p">HV10</subfield>
    <subfield code="r">2024-07-19 10:18:48</subfield>
    <subfield code="s">2024-07-19</subfield>
    <subfield code="w">2019-07-12</subfield>
    <subfield code="y">MA</subfield>
  </datafield>
  <datafield tag="952" ind1=" " ind2=" ">
    <subfield code="0">0</subfield>
    <subfield code="1">0</subfield>
    <subfield code="4">0</subfield>
    <subfield code="7">0</subfield>
    <subfield code="l">10</subfield>
    <subfield code="o">Entrada de proyectil</subfield>
    <subfield code="p">HV11</subfield>
    <subfield code="r">2024-07-19 10:06:18</subfield>
    <subfield code="s">2024-07-19</subfield>
    <subfield code="w">2019-07-12</subfield>
    <subfield code="y">MA</subfield>
  </datafield>
  <datafield tag="952" ind1=" " ind2=" ">
    <subfield code="0">0</subfield>
    <subfield code="1">0</subfield>
    <subfield code="4">0</subfield>
    <subfield code="7">0</subfield>
    <subfield code="l">2</subfield>
    <subfield code="o">Hueso expuesto</subfield>
    <subfield code="p">HV12</subfield>
    <subfield code="r">2024-07-19 10:16:07</subfield>
    <subfield code="s">2024-07-19</subfield>
    <subfield code="w">2019-07-12</subfield>
    <subfield code="y">MA</subfield>
  </datafield>
</record>
